[Event "TCh-HUN 2008-9"]
[Site "Szombathely HUN"]
[Date "2009.02.22"]
[Round "8"]
[White "Shirov,A"]
[Black "Hera,I"]
[Result "1-0"]
[WhiteElo "2726"]
[BlackElo "2530"]

1.e4 e5 2.Nf3 Nf6 3.Nxe5 d6 4.Nf3 Nxe4 5.Bd3 Nf6 6.O-O Be7 7.h3 O-O 8.c3 Re8
9.Bc2 Bf8 10.d4 b6 11.Bg5 Nbd7 12.Ba4 Re7 13.Bc6 Ba6 14.Re1 Rc8 15.Bxf6 Nxf6
16.Rxe7 Qxe7 17.Qa4 Bd3 18.Nbd2 a5 19.Re1 Qd8 20.d5 Bf5 21.Nd4 Bd7 22.Ne4 Nxe4
23.Rxe4 Bxc6 24.Nxc6 Qg5 25.Qd1 g6 26.a4 Ra8 27.c4 Bg7 28.b3 Kf8 29.Qe2 Bf6
30.f4 Qg3 31.Qe3 Qxe3+ 32.Rxe3 Re8 33.Kf2 Bb2 34.f5 gxf5 35.Rxe8+ Kxe8 36.Ke3 Bc1+
37.Kf3 Bd2 38.Nd4 f4 39.Kg4 Ke7 40.Kf5 h5  1-0

[Event "XXIV Rapid"]
[Site "Villarrobledo ESP"]
[Date "2009.07.25"]
[Round "2"]
[White "Pogorelov,R"]
[Black "Shirov,A"]
[Result "1/2-1/2"]
[WhiteElo "2441"]
[BlackElo "2732"]

1.Nf3 Nf6 2.c4 g6 3.Nc3 d5 4.cxd5 Nxd5 5.Qa4+ Bd7 6.Qh4 Nxc3 7.bxc3 c5 8.Rb1 Qc7
9.Qg3 Qxg3 10.hxg3 b6 11.e4 Nc6 12.d4 Bg7 13.Be3 O-O 14.Bb5 a6 15.Bxc6 Bxc6
16.Rxb6 cxd4 17.Bxd4 Bxe4 18.Bxg7 Kxg7 19.Ng5 Bxg2 20.Rxh7+ Kg8 21.Rh4 Rfc8
22.Kd2 Rc5 23.Ne4 Rd8+ 24.Kc2 Ra5 25.a4 Kg7 26.Nd2 Rad5 27.Rd4 Rxd4 28.cxd4 Rxd4
29.Rxa6 Rd5 30.Rb6 Rf5 31.f4 e5 32.Rb5 Kf6 33.Rxe5 Rxe5 34.fxe5+ Kxe5 35.Kd3 Bb7  1/2-1/2

[Event "XXIV Rapid"]
[Site "Villarrobledo ESP"]
[Date "2009.07.26"]
[Round "6"]
[White "Shirov,A"]
[Black "Naiditsch,A"]
[Result "0-1"]
[WhiteElo "2732"]
[BlackElo "2697"]

1.e4 e5 2.Nf3 Nc6 3.Bb5 Nf6 4.O-O Nxe4 5.d4 Nd6 6.Bxc6 dxc6 7.dxe5 Nf5 8.Qxd8+ Kxd8
9.Nc3 Ke8 10.h3 h5 11.Ne2 Be7 12.Ned4 Nxd4 13.Nxd4 c5 14.Nb5 Kd7 15.c4 Kc6
16.Nc3 Be6 17.b3 Rhd8 18.Ne2 a5 19.Nf4 a4 20.Be3 g6 21.Rfd1 Rxd1+ 22.Rxd1 Bf5
23.Nd5 Bf8 24.Rd2 axb3 25.axb3 Ra3 26.Rb2 Be6 27.Nf4 Bg7 28.Rb1 Bf5 29.Re1 Rxb3
30.Nd5 Rb1 31.Rxb1 Bxb1 32.Bf4 Bd3 33.Ne3 Kd7 34.g4 hxg4 35.hxg4 Ke6 36.Nd5 Bxc4
37.Nxc7+ Kd7 38.Na8 Kc6 39.f3 b5 40.Kf2  0-1

[Event "17th TCh-Eur"]
[Site "Novi Sad SRB"]
[Date "2009.10.22"]
[Round "1"]
[White "Shirov,A"]
[Black "Sulskis,S"]
[Result "1-0"]
[WhiteElo "2730"]
[BlackElo "2568"]

1.e4 c6 2.d4 d5 3.e5 c5 4.dxc5 Nc6 5.Bb5 e6 6.Be3 Ne7 7.c3 Nf5 8.Bd4 Bd7
9.Bxc6 Bxc6 10.Nf3 Nxd4 11.cxd4 b6 12.O-O Bb5 13.Nc3 Bxf1 14.Qxf1 Be7 15.Rc1 O-O
16.Nb5 a6 17.Nd6 Qd7 18.b4 Qa4 19.Qe1 Rab8 20.c6 Rbc8 21.c7 Bxd6 22.exd6 Qd7
23.Qe5 f6 24.Qg3 Kh8 25.h4 Rf7 26.h5 Kg8 27.h6 Qa4 28.hxg7 Qxb4 29.Re1 Qb5
30.Rxe6 Qd7 31.Qh3 Rxg7 32.Nh4 Kh8 33.Qe3 Rcg8 34.g3 Rg5 35.Rxf6 Qh3 36.Rf8 Rxf8
37.Qxg5 Re8 38.Nf3  1-0

[Event "9th Amplico Life Rapid"]
[Site "Warsaw POL"]
[Date "2009.12.19"]
[Round "7"]
[White "Shirov,A"]
[Black "Urban,K"]
[Result "1/2-1/2"]
[WhiteElo "2719"]
[BlackElo "2478"]

1.e4 c6 2.d4 d5 3.e5 c5 4.dxc5 Nc6 5.Bb5 e6 6.Be3 Ne7 7.c3 Nf5 8.Bd4 Bd7
9.Bxc6 Bxc6 10.Nf3 Nxd4 11.Qxd4 Qc7 12.b4 b6 13.cxb6 axb6 14.O-O Be7 15.a3 O-O
16.Ra2 Rfc8 17.Re1 Be8 18.Rd2 f6 19.Qg4 Bf7 20.h4 h6 21.Nd4 f5 22.Qf4 Qd8
23.g3 g5 24.Qe3 Kg7 25.hxg5 hxg5 26.f4 g4 27.Rh2 Qc7 28.Qd3 Kg6 29.Nxf5 exf5
30.e6 Bg8 31.Re5 Rf8 32.Rh8 Kg7 33.Rxg8+ Kxg8 34.Rxf5 Qc4 35.Rxf8+ Bxf8 36.Qg6+ Bg7
37.Qf7+ Kh8 38.Qh5+ Kg8 39.Qf7+ Kh8  1/2-1/2

[Event "European Rapid Championship"]
[Site "Warsaw POL"]
[Date "2010.12.18"]
[Round "1"]
[White "Nasuta,A"]
[Black "Shirov,A"]
[Result "0-1"]
[WhiteElo "1898"]
[BlackElo "2735"]

1.e4 c5 2.Nf3 Nc6 3.d4 cxd4 4.Nxd4 Nf6 5.Nc3 e5 6.Ndb5 d6 7.Bg5 a6 8.Na3 b5
9.Nd5 Be7 10.Bxf6 Bxf6 11.c3 O-O 12.Be2 Bg5 13.O-O Ne7 14.Nc2 Nxd5 15.Qxd5 Be6
16.Qd1 g6 17.Nb4 a5 18.Nd5 Rb8 19.Qd3 b4 20.c4 Kg7 21.b3 Qc8 22.Ne3 Qc5 23.Nd5 f5
24.Kh1 fxe4 25.Qg3 Bf4 26.Nxf4 exf4 27.Qh4 g5 28.Qh5 Rf6 29.Bd1 f3 30.Bc2 Rh6
31.Qxh6+ Kxh6 32.Bxe4 fxg2+ 33.Bxg2 Rf8 34.Rae1 Bd7 35.Kg1 Rf6 36.Re7 Bc6
37.Bxc6 Qxc6 38.Rfe1 Qf3 39.R1e2 d5 40.cxd5 Qxd5 41.R7e5 Qf3 42.R5e3 Qg4+
43.Kf1 Rc6 44.Re1 Rc2 45.Re6+ Kh5 46.R6e3 Qf5 47.R3e2 Qd3 48.h3 Kh4  0-1

[Event "European Rapid Championship"]
[Site "Warsaw POL"]
[Date "2010.12.18"]
[Round "2"]
[White "Shirov,A"]
[Black "Berzinsh,I"]
[Result "1-0"]
[WhiteElo "2735"]
[BlackElo "2224"]

1.d4 Nf6 2.c4 e5 3.dxe5 Ng4 4.Bf4 Nc6 5.Nf3 Bb4+ 6.Nc3 Qe7 7.Qd5 b6 8.h3 Bxc3+
9.bxc3 Nh6 10.g4 Bb7 11.Bg2 Nd8 12.Qd2 Ne6 13.Bg3 Qc5 14.Rd1 O-O 15.Qd3 Kh8
16.Ng5 Nxg5 17.Bxb7 Rae8 18.h4 Ne6 19.g5 Ng8 20.Be4 Ne7 21.Bxh7 g6 22.h5 Qc6
23.f3 Nc5 24.Qd4 Nf5 25.Qg4 Kg7 26.Bf2 Rh8 27.hxg6 fxg6 28.Bxc5 bxc5 29.e4 Rxh7
30.Rxh7+ Kxh7 31.exf5 Rxe5+ 32.Kf2 Rxf5 33.Qh3+ Kg8 34.Rh1 Kf8 35.Qh8+ Ke7
36.Qg7+ Rf7 37.Re1+  1-0

[Event "European Rapid Championship"]
[Site "Warsaw POL"]
[Date "2010.12.18"]
[Round "3"]
[White "Zeberski,J"]
[Black "Shirov,A"]
[Result "0-1"]
[WhiteElo "2380"]
[BlackElo "2735"]

1.e4 e5 2.Nf3 Nc6 3.Bb5 a6 4.Ba4 Nf6 5.O-O b5 6.Bb3 Bc5 7.c3 d6 8.a4 Rb8
9.d4 Bb6 10.a5 Ba7 11.Be3 Bg4 12.d5 Bxe3 13.fxe3 Ne7 14.Nbd2 O-O 15.Qe1 c6
16.dxc6 Nxc6 17.Qg3 b4 18.Bc4 bxc3 19.bxc3 Nxa5 20.Bxa6 Nb3 21.Nxb3 Rxb3
22.Nh4 Be6 23.Nf5 Bxf5 24.Rxf5 Rxc3 25.Qh4 Rxe3 26.Raf1 Rxe4 27.Qh3 Qb6+
28.Kh1 Qxa6 29.Rxf6 gxf6 30.Qg3+ Kh8  0-1

[Event "European Rapid Championship"]
[Site "Warsaw POL"]
[Date "2010.12.18"]
[Round "5"]
[White "Wandzik,W"]
[Black "Shirov,A"]
[Result "0-1"]
[WhiteElo "2241"]
[BlackElo "2735"]

1.e4 e5 2.Nf3 Nc6 3.Bb5 a6 4.Bxc6 dxc6 5.O-O Bg4 6.h3 Bh5 7.g4 Bg6 8.Nxe5 Qh4
9.Qf3 f6 10.Nxg6 hxg6 11.Kg2 g5 12.d3 Ne7 13.Be3 Qh7 14.Rh1 Ng6 15.Qe2 Qg8
16.Nd2 Bd6 17.Nc4 Bf4 18.a4 Qe6 19.b4 Kf7 20.Na5 b6 21.Nb3 Be5 22.Rab1 Bc3
23.Nd2 Qa2 24.Nc4 Qxa4 25.Rb3 Bd4 26.Qd2 Rad8 27.Bxd4 Rxd4 28.Qc3 Nf4+ 29.Kf3 Ne6
30.b5 axb5 31.Ra3 b4 32.Rxa4 bxc3 33.Ra7 b5 34.Ne3 Rdd8 35.Ra6 Ra8 36.Rxa8 Rxa8
37.Rb1 Nd4+ 38.Kg2 Ra2 39.Rc1 b4 40.Rb1 c5 41.Rc1 Nxc2 42.Nxc2 b3 43.Na3 Rxa3
44.Rxc3 b2  0-1

[Event "European Rapid Championship"]
[Site "Warsaw POL"]
[Date "2010.12.18"]
[Round "6"]
[White "Shirov,A"]
[Black "Zambo,Z"]
[Result "1-0"]
[WhiteElo "2735"]
[BlackElo "2403"]

1.e4 c5 2.Nf3 d6 3.d4 cxd4 4.Nxd4 Nf6 5.Nc3 g6 6.Be3 Bg7 7.f3 O-O 8.Qd2 Nc6
9.O-O-O d5 10.exd5 Nxd5 11.Nxc6 bxc6 12.Bd4 e5 13.Bc5 Be6 14.Ne4 Re8 15.h4 Nf4
16.g3 Qxd2+ 17.Rxd2 Nh5 18.g4 Nf4 19.Ba6 Bd5 20.Re1 Ne6 21.Bf2 Nd4 22.Rd3 f5
23.gxf5 gxf5 24.Nd2 Bh6 25.Be3 Bg7 26.Rf1 Rab8 27.c3 Ne2+ 28.Kc2 Nf4 29.Bxf4 exf4
30.Bc4 Bxc4 31.Nxc4 Re2+ 32.Rd2 Rbe8 33.Rg1 h6 34.Rg6 Rxd2+ 35.Kxd2 Rd8+
36.Rd6 Bf6 37.h5 Kf7 38.Ne5+ Kg7 39.Rxd8 Bxd8 40.Nxc6 Bb6 41.b4 Kf6 42.c4 Be3+
43.Ke2 Kg5 44.c5 a6 45.Ne7 a5 46.c6  1-0

[Event "European Rapid Championship"]
[Site "Warsaw POL"]
[Date "2010.12.18"]
[Round "7"]
[White "Swiercz,D"]
[Black "Shirov,A"]
[Result "0-1"]
[WhiteElo "2522"]
[BlackElo "2735"]

1.d4 d5 2.c4 c6 3.Nf3 Nf6 4.Nc3 e6 5.g3 Nbd7 6.Bg2 dxc4 7.O-O b5 8.e4 Bb7
9.e5 Nd5 10.Ng5 Be7 11.Qh5 g6 12.Qh6 Bf8 13.Qh3 Qb6 14.Nxe6 fxe6 15.Qxe6+ Be7
16.Bg5 Nf8 17.Qg4 h5 18.Qh4 Bxg5 19.Qxg5 Qd8 20.Qd2 Qe7 21.Bxd5 cxd5 22.Nxb5 Kf7
23.f4 Bc8 24.Nd6+ Kg8 25.Qg2 Be6 26.f5 gxf5 27.Nxf5 Qd7 28.Nd6 Rh6 29.Rf4 Nh7
30.Raf1 Rf8 31.Qf3 Qe7 32.Qe3 Rg6 33.Kh1 Rg4 34.h3 Rg6 35.Kh2 Qg5 36.Qf3 Rb8
37.Rf2 Rg7 38.Qe3 Kh8 39.Qf3 Rbg8 40.Rg2 h4 41.g4 Qg6 42.Qf2 Qh6 43.Rg1 Ng5
44.Rf1 Qh7 45.Qe3 Qd3 46.Qxd3 cxd3 47.Rd1 Nxh3 48.Kxh3 Rxg4 49.Rf6 Rg3+  0-1

[Event "European Rapid Championship"]
[Site "Warsaw POL"]
[Date "2010.12.19"]
[Round "9"]
[White "Edouard,R"]
[Black "Shirov,A"]
[Result "1/2-1/2"]
[WhiteElo "2636"]
[BlackElo "2735"]

1.d4 d5 2.c4 c6 3.Nf3 Nf6 4.cxd5 cxd5 5.Nc3 Nc6 6.Bf4 a6 7.Rc1 Ne4 8.e3 Nxc3
9.bxc3 Bf5 10.Bd3 Bxd3 11.Qxd3 e6 12.O-O Na5 13.Nd2 b5 14.e4 Bd6 15.Bxd6 Qxd6  1/2-1/2

[Event "European Rapid Championship"]
[Site "Warsaw POL"]
[Date "2010.12.19"]
[Round "10"]
[White "Shirov,A"]
[Black "Kempinski,R"]
[Result "1/2-1/2"]
[WhiteElo "2735"]
[BlackElo "2597"]

1.e4 c5 2.Nf3 d6 3.d4 cxd4 4.Nxd4 Nf6 5.Nc3 a6 6.Bg5 e6 7.f4 Be7 8.Qf3 h6
9.Bh4 Qc7 10.O-O-O Nbd7 11.Be2 O-O 12.g4 b5 13.g5 Nh7 14.gxh6 Bxh4 15.Qg4 g5
16.Nf3 b4 17.fxg5 Ne5 18.Qxh4 bxc3 19.Nxe5 dxe5 20.Rd3 cxb2+ 21.Kb1 Bd7 22.g6 fxg6
23.Rg1 Be8 24.Bh5 Rc8 25.c3 Qc4 26.Qg3 Qxe4 27.Bxg6 Bxg6 28.Qxg6+ Qxg6 29.Rxg6+ Kh8
30.Rxe6 Rb8 31.Rd1 Rf5 32.Re1 Nf6 33.R6xe5 Rf2 34.R5e2 Rxe2 35.Rxe2 Nd5 36.Rxb2 Nxc3+
37.Kc2 Rc8 38.Kb3 Nd5 39.Rc2 Rb8+ 40.Ka4 Rb5 41.Ka3 Nb6 42.Rc3 Kh7 43.Rh3 Nc4+
44.Ka4 Rb2 45.Rc3 Nb6+ 46.Ka5 Nd5 47.Ra3 Nc7 48.Rd3 Rxa2+ 49.Kb6 Ne8 50.Rd7+ Kxh6
51.Ra7  1/2-1/2

[Event "European Rapid Championship"]
[Site "Warsaw POL"]
[Date "2010.12.19"]
[Round "11"]
[White "Macieja,B"]
[Black "Shirov,A"]
[Result "0-1"]
[WhiteElo "2636"]
[BlackElo "2735"]

1.d4 d5 2.c4 c6 3.Nc3 Nf6 4.cxd5 cxd5 5.Bf4 Nc6 6.e3 Bg4 7.f3 Bd7 8.g4 e6
9.Bd3 Bb4 10.Rc1 O-O 11.a3 Bxc3+ 12.Rxc3 Re8 13.Ne2 e5 14.dxe5 Nxe5 15.Kf2 d4
16.Nxd4 Nd5 17.Rc1 Nxf4 18.exf4 Qh4+ 19.Kg1 Nxd3 20.Qxd3 Rad8 21.h3 Qg3+
22.Kf1 Bc6 23.Nf5 Rxd3 24.Nxg3 Rxf3+ 25.Kg2 Rb3+ 26.Rxc6 Rxb2+ 27.Kf3 Rb3+
28.Kf2 bxc6 29.Rc1 g6 30.Rxc6 Ree3 31.Ne2 Rxh3  0-1

[Event "2nd Ferdynanda Dziedzica Mem"]
[Site "Trzcianka POL"]
[Date "2012.03.04"]
[Round "3"]
[White "Dudzinski,Pi"]
[Black "Shirov,A"]
[Result "0-1"]
[WhiteElo "2300"]
[BlackElo "2701"]

1.e4 e5 2.Nf3 Nc6 3.Bc4 Nf6 4.d3 Bc5 5.c3 O-O 6.O-O d5 7.exd5 Nxd5 8.Re1 Nb6
9.Bb5 Bd6 10.Bxc6 bxc6 11.Nxe5 Re8 12.d4 c5 13.Bf4 Bb7 14.Nd2 cxd4 15.cxd4 f6
16.Nd3 Rxe1+ 17.Qxe1 Bxf4 18.Nxf4 Qxd4 19.Qe6+ Kf8 20.Re1 Nd5 21.Qe7+ Nxe7
22.Ne6+ Kf7 23.Nxd4 Rd8 24.N2b3 Bd5 25.Rc1 c6 26.f3 Rb8 27.Rc2 Rb4 28.Kf2 a5
29.Ke3 a4 30.Nc1 c5 31.Rxc5 Rxb2 32.Rc2 Rb1 33.a3 Ra1 34.Rc3 Bb3 35.Ndxb3 Rxa3
36.Ke4 axb3 37.Rxb3 Ra1 38.Rc3 Ra4+ 39.Kd3 Nd5 40.Rc4 Nf4+ 41.Kd4 Rxc4+ 42.Kxc4 Nxg2  0-1

[Event "2nd Ferdynanda Dziedzica Mem"]
[Site "Trzcianka POL"]
[Date "2012.03.04"]
[Round "4"]
[White "Shirov,A"]
[Black "Urban,K"]
[Result "1-0"]
[WhiteElo "2701"]
[BlackElo "2463"]

1.d4 d5 2.c4 e6 3.Nc3 Be7 4.cxd5 exd5 5.Bf4 c6 6.Qc2 Bd6 7.Bg3 Ne7 8.e3 Bf5
9.Bd3 Bxd3 10.Qxd3 O-O 11.Nge2 Na6 12.f3 Re8 13.O-O c5 14.Rad1 Nb4 15.Qd2 Nbc6
16.Bxd6 Qxd6 17.Nb5 Qd7 18.dxc5 Ne5 19.Nd6 Red8 20.Nc3 b6 21.b4 bxc5 22.bxc5 Qe6
23.Nxd5 Nc4 24.Nc7 Nxd2 25.Nxe6 Nxf3+ 26.gxf3 fxe6 27.Nb7 Rf8 28.e4 Ng6 29.Nd6 Ne5
30.f4 Nc6 31.Nc4 Rac8 32.Rd6 Nd8 33.Ne5 Nb7 34.Rxe6 Nxc5 35.Re7 Nxe4 36.Rxa7 Nd2
37.Rd1 Rc2 38.a4 Rd8 39.Re1 Rf8 40.a5 Re8 41.Re3 h6 42.a6 Rb8 43.Re2 Rb1+
44.Kg2 Nc4  1-0

[Event "2nd Ferdynanda Dziedzica Mem"]
[Site "Trzcianka POL"]
[Date "2012.03.04"]
[Round "5"]
[White "Macieja,B"]
[Black "Shirov,A"]
[Result "1/2-1/2"]
[WhiteElo "2605"]
[BlackElo "2701"]

1.d4 d5 2.Nf3 Nf6 3.c4 c6 4.cxd5 cxd5 5.Nc3 Nc6 6.Bf4 Bf5 7.e3 e6 8.Qb3 Bb4
9.Ne5 Qb6 10.Be2 Nxe5 11.Bxe5 O-O 12.Bxf6 gxf6 13.O-O Bxc3 14.bxc3 Rfc8 15.Rfc1 Rc6
16.c4 dxc4 17.Rxc4 Rxc4 18.Qxb6 axb6 19.Bxc4 Rc8 20.Bb3 Bd3 21.f3 b5 22.Kf2 Rc3
23.d5 Bc4 24.dxe6 fxe6 25.Rd1 Bxb3 26.axb3 Rxb3 27.Rd7 Rb1 28.Rxb7 b4 29.Kg3 b3
30.e4 b2 31.Kg4 Kf8 32.h4 Kg8 33.Kh5 Kf8 34.Kg4 Ke8 35.Kh5 Kf8 36.Kg4  1/2-1/2

[Event "2nd Ferdynanda Dziedzica Mem"]
[Site "Trzcianka POL"]
[Date "2012.03.04"]
[Round "6"]
[White "Shirov,A"]
[Black "Markowski,T"]
[Result "1-0"]
[WhiteElo "2701"]
[BlackElo "2612"]

1.e4 e5 2.Nf3 Nc6 3.Bb5 a6 4.Ba4 Nf6 5.O-O Be7 6.Re1 b5 7.Bb3 d6 8.c3 O-O
9.h3 Na5 10.Bc2 c5 11.d4 Qc7 12.Nbd2 Bb7 13.d5 Bc8 14.Nf1 Bd7 15.g4 Nc4 16.Ng3 g6
17.Kh2 Rfb8 18.b3 Nb6 19.Bh6 c4 20.Nf5 Bxf5 21.gxf5 cxb3 22.axb3 Qxc3 23.Rg1 Rc8
24.Rc1 Nbd7 25.Bd2 Qb2 26.Nh4 Bf8 27.fxg6 hxg6 28.Nf5 a5 29.Ne3 Qd4 30.Nf5 Qb2
31.Ne3 Bg7 32.Qe2 a4 33.bxa4 bxa4 34.Rb1 Qd4 35.Rb4 Qc5 36.Bxa4 Qa7 37.Bc6 Rab8
38.Ra4 Qc5 39.Rc1 Qb6 40.Nc4 Rxc6 41.dxc6  1-0

[Event "2nd Ferdynanda Dziedzica Mem"]
[Site "Trzcianka POL"]
[Date "2012.03.04"]
[Round "9"]
[White "Shirov,A"]
[Black "Gajewski,G"]
[Result "1/2-1/2"]
[WhiteElo "2701"]
[BlackElo "2618"]

1.e4 c5 2.Nf3 e6 3.d4 cxd4 4.Nxd4 a6 5.c4 Nf6 6.Nc3 Bb4 7.Qf3 d6 8.Bd2 Nbd7
9.O-O-O Ne5 10.Qe2 O-O 11.Nc2 Ba5 12.f4 Ng6 13.b4 Bc7 14.g4 b5 15.h4 bxc4
16.h5 Ne7 17.f5 Nd7 18.h6 g6 19.Bf4 Nc6 20.Bxd6 Bxd6 21.Rxd6 Nce5 22.Qd2 Qe7
23.Qd4 Qf6 24.Kb1 Nxg4 25.fxe6 fxe6 26.Bxc4 Qxd4 27.Bxe6+ Kh8 28.Nxd4 Nde5
29.Nd5  1/2-1/2

[Event "TCh-CZE Extraliga 2012-13"]
[Site "Czech Republic CZE"]
[Date "2013.03.24"]
[Round "8.1"]
[White "Tazbir,M"]
[Black "Shirov,A"]
[Result "0-1"]
[WhiteElo "2555"]
[BlackElo "2716"]

1.e4 c5 2.Nf3 d6 3.Nc3 Nf6 4.d4 cxd4 5.Nxd4 a6 6.Be2 e5 7.Nb3 Be7 8.O-O O-O
9.a4 Nc6 10.Bg5 Be6 11.Bxf6 Bxf6 12.Nd5 Bg5 13.Nd2 f5 14.c3 Kh8 15.Bc4 Bxd2
16.Qxd2 fxe4 17.Rad1 Qh4 18.Ne3 Bxc4 19.Nxc4 Rad8 20.Qd5 Rf6 21.g3 Qg4 22.Rfe1 Rdf8
23.Rd2 g5 24.Rxe4 Qh5 25.Re1 g4 26.Qe4 Rh6 27.Qg2 e4 28.Rxd6 Rxd6 29.Nxd6 Ne5
30.Rd1 Nf3+ 31.Kh1 Rf6 32.h4 gxh3 33.Qf1 Ne5 34.f4 exf3 35.Ne4 Rf8 36.Nf2 Ng4
37.Nxg4 Qxg4 38.Qf2 Re8 39.Rf1 Rf8 40.Qc5 Kg7 41.Qd4+ Qxd4 42.cxd4 Kg6 43.Kh2 Kg5
44.Kxh3 Rf6 45.g4 Kf4 46.g5 Rf5  0-1

[Event "TCh-CZE Extraliga 2012-13"]
[Site "Czech Republic CZE"]
[Date "2013.04.26"]
[Round "9.1"]
[White "Ftacnik,L"]
[Black "Shirov,A"]
[Result "1-0"]
[WhiteElo "2544"]
[BlackElo "2716"]

1.Nf3 Nf6 2.c4 c5 3.Nc3 Nc6 4.g3 e5 5.Bg2 g6 6.O-O Bg7 7.Ne1 h5 8.d3 h4 9.Bg5 h3
10.Bh1 Nd4 11.Nd5 Ne6 12.Bxf6 Bxf6 13.Nxf6+ Qxf6 14.Nc2 Rb8 15.b4 b5 16.cxb5 Rxb5
17.Rb1 a5 18.bxc5 Rxc5 19.Qd2 O-O 20.Rfc1 Ba6 21.Ne3 Rfc8 22.Nd5 Qd8 23.Rxc5 Rxc5
24.Rc1 Rxc1+ 25.Qxc1 Kg7 26.Qb2 d6 27.f4 f6 28.Kf2 Nc5 29.d4 exd4 30.Qxd4 Bb7
31.g4 Ne6 32.Qe3 Qd7 33.g5 Nxg5 34.Nb6 Qf7 35.Bxb7 Qxb7 36.fxg5 Qg2+ 37.Ke1 fxg5
38.Qd4+ Kh7 39.Nd5 Qh1+ 40.Kd2 Qb1 41.a4  1-0

[Event "TCh-CZE Extraliga 2012-13"]
[Site "Czech Republic CZE"]
[Date "2013.04.27"]
[Round "10.1"]
[White "Zvara,P"]
[Black "Shirov,A"]
[Result "0-1"]
[WhiteElo "2419"]
[BlackElo "2716"]

1.e4 c5 2.Nf3 d6 3.d4 cxd4 4.Nxd4 Nf6 5.Nc3 a6 6.Bg5 e6 7.f4 Qc7 8.Bxf6 gxf6
9.Qd2 b5 10.O-O-O Nd7 11.Bd3 b4 12.Nd5 exd5 13.exd5 Qc5 14.Nc6 Bh6 15.Qe1+ Kf8
16.Rf1 Nb6 17.Qe7+ Kg7 18.Nd8 Rxd8 19.Qxd8 Bd7  0-1

[Event "Petersburg Summer Rapid 2013"]
[Site "St Petersburg RUS"]
[Date "2013.08.31"]
[Round "2.2"]
[White "Shirov,A"]
[Black "Sotsky,A"]
[Result "1-0"]
[WhiteElo "2696"]
[BlackElo "2384"]

1.d4 e6 2.e4 d5 3.Nc3 dxe4 4.Nxe4 Bd7 5.Nf3 Bc6 6.Bd3 Bxe4 7.Bxe4 c6 8.O-O Nf6
9.Bd3 Bd6 10.c4 Nbd7 11.b3 Qc7 12.Bb2 O-O 13.Qe2 Rfe8 14.Rae1 a5 15.a4 Bf8
16.Ne5 g6 17.f4 Bg7 18.g4 Rad8 19.g5 Nxe5 20.fxe5 Nh5 21.Rf3 Bf8 22.Ref1 Rd7
23.Rh3 Ng7 24.Qg4 Qd8 25.Rf6 Nf5 26.Bxf5 exf5 27.Qh4 h5 28.gxh6 Kh7 29.d5 Qb6+
30.Kg2 Qb4 31.Qg5 cxd5 32.e6 Rxe6 33.Rxe6 dxc4 34.Re2 Be7  1-0

[Event "Petersburg Summer Rapid 2013"]
[Site "St Petersburg RUS"]
[Date "2013.08.31"]
[Round "3.2"]
[White "Levin,Ev"]
[Black "Shirov,A"]
[Result "1/2-1/2"]
[WhiteElo "2505"]
[BlackElo "2696"]

1.d4 Nf6 2.Nf3 e6 3.Bg5 h6 4.Bh4 c5 5.e3 Nc6 6.c3 d5 7.Nbd2 Bd6 8.Bd3 O-O
9.O-O e5 10.e4 exd4 11.exd5 Ne5 12.Nxe5 Bxe5 13.c4 Qd6 14.Nf3 Bg4 15.h3 Bxf3
16.Qxf3 Rae8 17.Bxf6  1/2-1/2

[Event "Petersburg Summer Rapid 2013"]
[Site "St Petersburg RUS"]
[Date "2013.09.01"]
[Round "6.3"]
[White "Popov,Val"]
[Black "Shirov,A"]
[Result "0-1"]
[WhiteElo "2548"]
[BlackElo "2696"]

1.Nf3 d5 2.d4 Nf6 3.c4 c6 4.e3 Bg4 5.cxd5 cxd5 6.Qb3 Qc7 7.Nc3 Bxf3 8.gxf3 e6
9.Bd2 Nc6 10.Rc1 Be7 11.Bd3 O-O 12.O-O e5 13.Nxd5 Nxd5 14.Qxd5 Rad8 15.Qc4 exd4
16.Be4 Rd6 17.exd4 Qd7 18.Be3 Nxd4 19.Bxd4 Rxd4 20.Qc7 Qe6 21.Rfe1 Bd6 22.Qc3 Qf6
23.Red1 Bxh2+ 24.Kg2 Be5 25.Rxd4 Bxd4 26.Qc7 Bxb2 27.Rc2 g6 28.Qxb7 Bd4 29.Rc8 Rxc8
30.Qxc8+ Kg7 31.Qd7 Qg5+  0-1

[Event "Petersburg Summer Rapid 2013"]
[Site "St Petersburg RUS"]
[Date "2013.09.01"]
[Round "7.1"]
[White "Shirov,A"]
[Black "Aleksandrov,A"]
[Result "1/2-1/2"]
[WhiteElo "2696"]
[BlackElo "2626"]

1.d4 d5 2.c4 e6 3.Nf3 Nf6 4.Nc3 Bb4 5.Qa4+ Nc6 6.e3 O-O 7.Qc2 Re8 8.a3 Bd6
9.c5 Bf8 10.Bb5 Bd7 11.b4 Re7 12.Bb2 a5 13.Bxc6 Bxc6 14.b5 Be8 15.a4 Ng4
16.h3 Nh6 17.c6 f6 18.Ba3 Rf7 19.cxb7 Rb8 20.Ne2 Rxb7 21.Bxf8 Rxf8 22.Nf4 Rb6
23.Qc3 g5 24.Nd3 c6 25.bxc6 Rxc6 26.Nc5 Bg6 27.Nd2 Qc7 28.Ndb3 Ra8 29.Qd2 Nf5
30.O-O Qa7 31.e4 dxe4 32.Nxe4 Kg7 33.Rfe1 Rd8 34.Qxa5 Qxa5 35.Nxa5 Rc2 36.Nb7 Ra8
37.Nec5 Nxd4 38.Nxe6+ Nxe6 39.Rxe6 Rc7 40.Nd6 Rca7 41.Rc1 Rd7 42.Rc4 Ra5
43.g4 Rda7 44.Nb5 Rxa4 45.Rxa4 Rxa4 46.Re7+  1/2-1/2

[Event "Petersburg Summer Rapid 2013"]
[Site "St Petersburg RUS"]
[Date "2013.09.01"]
[Round "9.1"]
[White "Shirov,A"]
[Black "Khairullin,I"]
[Result "1/2-1/2"]
[WhiteElo "2696"]
[BlackElo "2651"]

1.d4 Nf6 2.Nf3 d5 3.c4 e6 4.Nc3 dxc4 5.e4 Bb4 6.Bg5 c5 7.Bxc4 cxd4 8.Nxd4 Bxc3+
9.bxc3 Qa5 10.Bxf6 Qxc3+ 11.Kf1 gxf6 12.Rc1 Qa5 13.Nb5 Bd7 14.Nd6+ Ke7 15.Nxb7 Qb4
16.Qb3  1/2-1/2

[Event "Petersburg Summer Rapid 2013"]
[Site "St Petersburg RUS"]
[Date "2013.09.01"]
[Round "11.1"]
[White "Shirov,A"]
[Black "Sjugirov,S"]
[Result "1/2-1/2"]
[WhiteElo "2696"]
[BlackElo "2635"]

1.d4 Nf6 2.Nf3 e6 3.c4 d5 4.Nc3 c6 5.Bg5 h6 6.Bh4 dxc4 7.e4 b5 8.e5 g5 9.Nxg5 hxg5
10.Bxg5 Nbd7 11.g3 Bb7 12.Bg2 Qb6 13.exf6 O-O-O 14.O-O c5 15.d5 b4 16.Na4 Qb5
17.a3 Nb8 18.axb4 cxb4 19.Qg4 Bxd5 20.Rfc1 Nc6 21.Bxd5 Rxd5 22.Rxc4 Rxg5
23.Qe4 Kb7 24.Rac1 Qd5 25.Qxd5 Rxd5 26.Rxc6 Bd6 27.Kg2 Rh6 28.h4 Rd2 29.R1c2 Rxc2
30.Rxc2 Rxf6 31.Nc5+ Bxc5 32.Rxc5 Kb6 33.Rc8 a5 34.b3 Kb7 35.Rc4 Kb6 36.h5 Rh6
37.g4 Rh8 38.Kg3 e5 39.f4 exf4+ 40.Rxf4 Rh7 41.Kh4 Kc5 42.g5 a4 43.Rf5+ Kd4
44.bxa4 b3 45.Kg4 b2 46.Rb5 Kc3 47.h6 f6 48.gxf6 Rxh6 49.Kg5 Rh1 50.f7 Rg1+
51.Kh6 Rh1+  1/2-1/2

[Event "TCh-CZE Extraliga 2013-14"]
[Site "Novy Bor CZE"]
[Date "2013.11.03"]
[Round "2.2"]
[White "Shirov,A"]
[Black "Tazbir,M"]
[Result "1/2-1/2"]
[WhiteElo "2695"]
[BlackElo "2555"]

1.d4 Nf6 2.c4 e6 3.Nf3 d5 4.Nc3 Bb4 5.Qa4+ Nc6 6.e3 O-O 7.Qc2 a6 8.a3 Be7
9.Bd2 Re8 10.Rd1 h6 11.Rg1 Nh7 12.Bd3 Ng5 13.Ne5 Nxe5 14.dxe5 dxc4 15.Bxc4 Nh7
16.Bd3 Nf8 17.Ne4 Bd7 18.Bc3 Qc8 19.Nf6+ gxf6 20.exf6 Bd8 21.g4 Bb5 22.Be4 Bc6
23.Be5 Bxe4 24.Qxe4 Ng6 25.g5 h5 26.Qf3 Be7 27.Qxh5 Rd8 28.Rxd8+ Qxd8 29.Rg3 Nxe5
30.Rh3 Bxf6 31.gxf6 Qxf6 32.Qh7+ Kf8 33.Qh8+ Ke7 34.Qxa8 Qf5 35.Qh8 Qb1+
36.Ke2 Qd3+ 37.Ke1 Qb1+ 38.Ke2 Qd3+  1/2-1/2

[Event "TCh-CZE Extraliga 2013-14"]
[Site "Novy Bor CZE"]
[Date "2014.01.18"]
[Round "5.2"]
[White "Kanovsky,D"]
[Black "Shirov,A"]
[Result "0-1"]
[WhiteElo "2404"]
[BlackElo "2695"]

1.e4 c5 2.Nf3 Nc6 3.Nc3 e5 4.Bc4 Be7 5.d3 Nf6 6.Nd2 a6 7.a4 Nb4 8.Nf1 d5
9.exd5 Nfxd5 10.Nxd5 Nxd5 11.Ne3 Nf4 12.O-O O-O 13.Re1 Kh8 14.Bd2 b6 15.Qf3 Ra7
16.Nd5 Ng6 17.Qh5 Bh4 18.Bc3 f6 19.g3 Bg5 20.h4 Bh6 21.Ne3 f5 22.Ng2 f4 23.Re4 Bb7
24.Rae1 b5 25.axb5 axb5 26.Bxb5 f3 27.Rxe5 Nxe5 28.Bxe5 fxg2 29.Qxh6 Bf3
30.Bc6 Re7 31.Bxg7+ Rxg7 32.Bxf3 Rxf3 33.Qc6 Rf8 34.Qxc5 Qf6 35.b4 Rgf7 36.f4 Rg8
37.Kxg2 Rfg7 38.Re3 Qxf4  0-1

[Event "TCh-CZE Extraliga 2013-14"]
[Site "Novy Bor CZE"]
[Date "2014.01.19"]
[Round "6.2"]
[White "Shirov,A"]
[Black "Fedorov,Alex"]
[Result "1-0"]
[WhiteElo "2695"]
[BlackElo "2569"]

1.e4 c5 2.Nf3 Nc6 3.d4 cxd4 4.Nxd4 e5 5.Nb5 d6 6.N1c3 a6 7.Na3 Be7 8.Nc4 b5
9.Ne3 Nf6 10.Bd3 O-O 11.O-O Nb4 12.Be2 Be6 13.a3 Nc6 14.Bd3 Qd7 15.Ncd5 Rfb8
16.c3 Bd8 17.Bc2 Na5 18.b3 Qb7 19.a4 g6 20.axb5 axb5 21.Ba3 Bxd5 22.Nxd5 Nxd5
23.Qxd5 Qxd5 24.exd5 Nb7 25.b4 f5 26.Bd3 e4 27.Bxb5 Na5 28.bxa5 Rxb5 29.Bxd6 Rxd5
30.Bb4 Kf7 31.a6 Bb6 32.c4 Rd4 33.Rfc1 Ke6 34.Kf1 Kd7 35.Ke2 Kc6 36.Bc3 Rd7
37.Ra2 f4 38.c5 Bd8 39.Ra4 Re7 40.Bf6 Re8 41.Bxd8 Raxd8 42.a7 Ra8 43.Ra6+ Kc7
44.g3 g5 45.gxf4 gxf4 46.Rb1 Re7 47.c6 Kc8 48.Rg1 Kc7 49.h4 Kd6 50.Rd1+ Kc5
51.Rc1+ Kb5 52.Ra2  1-0

[Event "TCh-FIN SM 2013-14"]
[Site "Tampere FIN"]
[Date "2014.02.08"]
[Round "7.1"]
[White "Shirov,A"]
[Black "Kanep,M"]
[Result "1-0"]
[WhiteElo "2696"]
[BlackElo "2511"]

1.e4 c5 2.Nf3 Nc6 3.d4 cxd4 4.Nxd4 Qb6 5.Nb3 Nf6 6.Nc3 e6 7.Qe2 Bb4 8.Bd2 O-O
9.a3 Be7 10.O-O-O d5 11.exd5 exd5 12.Be3 Qc7 13.h3 Be6 14.g4 Rad8 15.Bg2 Rfe8
16.Nb5 Qb8 17.Rhe1 Bf8 18.f4 Ne4 19.f5 Bc8 20.Bxe4 dxe4 21.Rxd8 Rxd8 22.Qf2 b6
23.Nc3 Bd6 24.Nxe4 Be5 25.f6 Be6 26.fxg7 Na5 27.Nbd2 Qc7 28.Bg5 Bxb2+ 29.Kxb2 Qe5+
30.Kb1  1-0